|
|
|
|
| LEADER |
01111nam a2200277 a 4500 |
| 001 |
c000332451 |
| 003 |
CARM |
| 005 |
00000000000000.0 |
| 008 |
781102m19789999quca b 00101 fre |
| 019 |
1 |
|
|a 1309704
|5 LACONCORD2021
|
| 020 |
|
|
|c $10.00 (v. 1)
|
| 035 |
|
|
|a (OCoLC)4461331
|5 LACONCORD2021
|
| 050 |
0 |
0 |
|a PQ3948.5.H22
|b A54 1978
|
| 245 |
0 |
0 |
|a Anthologie du roman haïtien ... /
|c [introduction, choix, et notices par] Ghislaine Rey.
|
| 260 |
|
|
|a Sherbrooke, Québec :
|b Naaman,
|c c1978-<[1982] >
|
| 300 |
|
|
|a v. <1-2 > :
|b ill. ;
|c 21 cm.
|
| 490 |
0 |
|
|a Collection Anthologies ;
|v 2
|
| 500 |
|
|
|a Tome <2 > published by Les Editions du soleil, Port-au-Prince, Haiti.
|
| 504 |
|
|
|a Includes bibliographies and index.
|
| 505 |
1 |
|
|a [1] De 1859 à 1946 -- t. 2. De 1946 à 1967.
|
| 650 |
|
0 |
|a Haitian fiction.
|
| 700 |
1 |
|
|a Rey, Ghislaine,
|d 1918-
|
| 852 |
8 |
|
|b CARM
|h A1:AN16F0
|i B08716
|p 0415483
|f BK
|
| 082 |
0 |
4 |
|a 843
|2 19
|
| 999 |
f |
f |
|i a4e4b0a7-d610-5e3a-a1d6-1ffcb0e40d5f
|s 6a5710d3-57dc-5ef7-b286-ddd4c5dcedf4
|
| 952 |
f |
f |
|p Can circulate
|a CAVAL
|b CAVAL
|c CAVAL
|d CARM 1 Store
|e B08716
|f A1:AN16F0
|h Other scheme
|i book
|m 0415483
|